| 000 | 01105nam a2200253 i 4500 | ||
|---|---|---|---|
| 001 | 124888 | ||
| 003 | ES-MaACL | ||
| 005 | 20251219132832.0 | ||
| 007 | t| | ||
| 008 | 070423s1917 sp |||| | spa d | ||
| 100 | 1 |
_aMarvá y Mayer, José. _978576 |
|
| 245 | 1 | 0 |
_aIntervención del Elemento Patronal en la Previsión de los obreros _b: discurso leído ... en la sesión estatutaria celebrada en Sevilla el día 17 de marzo de 1917 / _cpor José Marvá y Mayer. |
| 260 |
_aMadrid : _b[s.n.], _c1917 ( _fSobrinos de la Sucesora de M. Minuesa de los Ríos) |
||
| 300 |
_a16 p. ; _c21 cm. |
||
| 490 | 1 |
_aPublicaciones del Instituto Nacional de Previsión ; _v57 |
|
| 530 | _aDisponible en formato digital. | ||
| 650 | 0 | 7 |
_aHigiene industrial _2embne _913353 |
| 710 | 0 |
_aInstituto Nacional de Previsión (España) _95180 |
|
| 830 | 0 |
_aPublicaciones del Instituto Nacional de Previsión ; _v57 _9181151 |
|
| 852 |
_aES-MaACL _jC-12624(1) _cSPAL |
||
| 856 | 4 |
_uhttp://bdh-rd.bne.es/viewer.vm?id=0000229934&page=1 _y(Biblioteca Digital Hispánica) |
|
| 942 | _2udc | ||
| 999 |
_c124888 _d124888 |
||